Syllabostics 4 - US Cities - Statistics

General Stats
  • This quiz has been taken 30 times
  • The average score is 14 of 15
Answer Stats
Syllables City % Correct
Asp + Pen Aspen
100%
Doll + Lass Dallas
100%
Hue + Stun Houston
100%
Mill + Walk + Key Milwaukee
100%
Myrrh + Tell + Be + Each Myrtle Beach
100%
Are + Ling + Ten Arlington
96%
Con + Chord Concord
96%
Moe + Bill Mobile
96%
Knew + Work Newark
96%
Tuck + Coma Tacoma
96%
Two + Son Tucson
96%
Hell + Lei + Gnaw Helena
81%
Tusk + Caw + Loose + Saw Tuscaloosa
81%
Wind + Stun + Sail + Hem Winston-Salem
81%
May + Con Macon
74%
No matching quizzes found
Score Distribution
Percent of People with Each Score
Percentile by Number Answered
Your Score History
You have not taken this quiz